000 00245nam a2200121Ia 4500
100 _a#N/A
942 _cBK
245 _aTree or Three ? Ann Baker - pronunciation course
260 _b#N/A
082 _b21636
546 _aENGLISH
999 _c35284
_d35284